<?xml version="1.0" encoding="UTF-8"?>
<collection xmlns="http://www.loc.gov/MARC21/slim">
 <record>
  <leader>     na                 </leader>
  <controlfield tag="001">INLIS000000000014492</controlfield>
  <controlfield tag="005">20241030021153</controlfield>
  <datafield tag="035" ind1=" " ind2=" ">
   <subfield code="a">0010-1024000032</subfield>
  </datafield>
  <datafield tag="245" ind1="1" ind2=" ">
   <subfield code="a">Perlawanan raja-raja Jawa terhadap kekuasaan asing /</subfield>
   <subfield code="c">Ardian Kresna</subfield>
  </datafield>
  <datafield tag="100" ind1="0" ind2=" ">
   <subfield code="a">Ardian Kresna</subfield>
  </datafield>
  <datafield tag="300" ind1=" " ind2=" ">
   <subfield code="a">viii, 271 hlm.; 23 cm.</subfield>
  </datafield>
  <datafield tag="260" ind1=" " ind2=" ">
   <subfield code="a">Yogyakarta :</subfield>
   <subfield code="b">Lontar Mediatama,</subfield>
   <subfield code="c">2022</subfield>
  </datafield>
  <datafield tag="082" ind1=" " ind2=" ">
   <subfield code="a">959.82</subfield>
  </datafield>
  <datafield tag="084" ind1=" " ind2=" ">
   <subfield code="a">959.82 ARD p</subfield>
  </datafield>
  <datafield tag="020" ind1=" " ind2=" ">
   <subfield code="a">978-623-349-091-7</subfield>
  </datafield>
  <datafield tag="650" ind1=" " ind2=" ">
   <subfield code="a">Jawa -- Sejarah -- Raja dan penguasa</subfield>
  </datafield>
  <datafield tag="520" ind1=" " ind2=" ">
   <subfield code="a">Banyak sekali buku-buku yang menceritakan tentang sejarah perjuangan bangsa Indonesia dalam upaya mengusa penjajahan di bumi Nusantara dalam sudut pandang sebagai perjalanan sejarah Nasional Indonesia. Beberapa penulis yang lainnya juga berusaha menggambarkannya dari berbagai sudut pandang dalam kaitan yang sama sebagai bagian dari kajian keilmuan dan pengetahuan umum.&#13;
&#13;
Tulisan ini adalah sebuah studi kecil yang berusaha sedikit mendalami mengenai kronik tanah Jawa sejak kedatangan bangsa Eropa hingga pertentangan pribumi terhadap aneksasi Gan dominasi Bangsa Belanda di tanah Jawa. Penulis berusaha melukiskan secara ungkat Kronologis Ingkup turbulensi politik yang terjadi di Jawa pada abad ke-16 hingga awal abad ke 19</subfield>
  </datafield>
  <controlfield tag="008">241030                e          0 ind  </controlfield>
  <datafield tag="990" ind1=" " ind2=" ">
   <subfield code="a">024.3032/PC/24</subfield>
  </datafield>
  <datafield tag="990" ind1=" " ind2=" ">
   <subfield code="a">024.3033/PC/24</subfield>
  </datafield>
  <datafield tag="990" ind1=" " ind2=" ">
   <subfield code="a">024.3034/PC/24</subfield>
  </datafield>
 </record>
</collection>
